| 000 | 00580nam a2200217Ia 4500 | ||
|---|---|---|---|
| 003 | OSt | ||
| 005 | 20260306111119.0 | ||
| 008 | 210210b1932 xxu||||| |||| 00| 0 eng d | ||
| 040 | _cAL | ||
| 041 | _aHindi | ||
| 082 | _a863/136 | ||
| 100 |
_aVAJPEYI (O M) _dवाजपेयी (ओ एम) _9257983 |
||
| 245 |
_aNavab billore khan _bनवाब बिल्लोर खान |
||
| 260 |
_aDilli _b- _c1932 |
||
| 650 |
_aNavab _9257984 |
||
| 650 |
_akhan _9257985 |
||
| 650 |
_abillore _9257986 |
||
| 690 |
_aHindi Drama _9257987 |
||
| 906 | _a023513 | ||
| 942 |
_2ddc _cBK |
||
| 999 |
_c148483 _d148483 |
||